| 000 | 00679nam a2200277Ia 4500 | ||
|---|---|---|---|
| 005 | 20250425162714.0 | ||
| 008 | 250425s9999 xx 000 0 und d | ||
| 020 | _a9789584529435 | ||
| 041 | _aspa | ||
| 043 | _ack | ||
| 082 | _a658.408 | ||
| 100 | _aYUNUS, MUHAMMAD | ||
| 245 | 0 | _aEMPRESAS PARA TODOS | |
| 250 | _a1A ED | ||
| 260 | _aBOGOTA | ||
| 260 |
_aColombia _bNORMA _c2010 |
||
| 300 | _a213 | ||
| 500 | _aTÃtulo Traducido: BUILDING SOCIAL BUSINESS | ||
| 650 | _aASPECTOS SOCIALES | ||
| 650 | _aETICA DE LOS NEGOCIOS | ||
| 650 | _aRESPONSABILIDAD SOCIAL | ||
| 700 |
_aAFFAN BUITRAGO _etraductor |
||
| 710 | _aNORMA | ||
| 942 | _c01 | ||
| 010 | _a99136 | ||
| 999 |
_c234782 _d234782 |
||